[Event "Young Boys 2005"]
[Site "São José do Rio Preto BRA"]
[Date "2005.02.23"]
[Round "7.2"]
[White "El Debs, Felipe"]
[Black "Oliveira, Silvio"]
[Result "0-1"]
[WhiteElo "2351"]
[BlackElo "2242"]
[PlyCount "116"]
[EventDate "2005.02.20"]
[EventType "tourn"]
[EventRounds "9"]
[EventCountry "BRA"]
[EventCategory "5"]
[Source "lmi"]
[SourceDate "2005.02.27"]

1. e4 c6 2. d4 d5 3. e5 Bf5 4. Nf3 e6 5. Be2 Nd7 6. O-O Bg6 7. Be3 Nh6 8. c3
Nf5 9. Bg5 Be7 10. Bxe7 Qxe7 11. Qb3 Rb8 12. Qa3 Qxa3 13. Nxa3 f6 14. exf6 gxf6
15. c4 Bh5 16. Rfd1 Nb6 17. c5 Nd7 18. h3 Bxf3 19. Bxf3 b6 20. cxb6 Rxb6 21. b3
Ke7 22. Rd2 Ra6 23. Nc2 c5 24. dxc5 Nxc5 25. b4 Na4 26. Re1 Kd6 27. Bg4 Ng7 28.
f4 Nc3 29. a3 Rc8 30. Rd3 Nb5 31. Re2 Rc3 32. Rxc3 Nxc3 33. Re3 Ne4 34. Nd4 Rb6
35. Bf3 e5 36. fxe5+ fxe5 37. Nb3 Nf6 38. g4 Ne6 39. Nc5 e4 40. Nxe6 Kxe6 41.
g5 Nd7 42. Bg4+ Kd6 43. h4 Ne5 44. Bf5 Rb7 45. Kg2 Nc4 46. Rg3 Ke5 47. g6 hxg6
48. Bxg6 Kf4 49. h5 Ne5 50. h6 Rb6 51. h7 Nxg6 52. Kf2 Rb7 53. Rxg6 Rxh7 54.
Rf6+ Ke5 55. Ra6 d4 56. b5 d3 57. Ke3 Rd7 58. Kd2 e3+ 0-1

[Event "Young Boys 2005"]
[Site "São José do Rio Preto BRA"]
[Date "2005.02.23"]
[Round "7.3"]
[White "Di Berardino, Diego Rafael"]
[Black "Marra, Eduardo"]
[Result "0-1"]
[WhiteElo "2358"]
[BlackElo "2261"]
[PlyCount "56"]
[EventDate "2005.02.20"]
[EventType "tourn"]
[EventRounds "9"]
[EventCountry "BRA"]
[EventCategory "5"]
[Source "lmi"]
[SourceDate "2005.02.27"]

1. e4 c5 2. Nf3 d6 3. d4 cxd4 4. Nxd4 Nf6 5. Nc3 g6 6. Be3 Bg7 7. f3 Nc6 8. Qd2
O-O 9. Bc4 Bd7 10. O-O-O Rb8 11. Nd5 Ne5 12. Nxf6+ Bxf6 13. Bb3 b5 14. h4 Nc4
15. Qe2 Nxe3 16. Qxe3 a5 17. f4 a4 18. Bd5 e6 19. e5 exd5 20. exf6 Qxf6 21. Qf3
Rfe8 22. g3 Re4 23. Qf2 a3 24. Rh2 Bg4 25. Rd3 b4 26. Qd2 b3 27. cxb3 Rc8+ 28.
Kb1 Rxd4 0-1

[Event "Young Boys 2005"]
[Site "São José do Rio Preto BRA"]
[Date "2005.02.23"]
[Round "7.4"]
[White "Bachmann Schiavo, Axel"]
[Black "Crosa, Martin"]
[Result "1-0"]
[WhiteElo "2314"]
[BlackElo "2401"]
[PlyCount "151"]
[EventDate "2005.02.20"]
[EventType "tourn"]
[EventRounds "9"]
[EventCountry "BRA"]
[EventCategory "5"]
[Source "lmi"]
[SourceDate "2005.02.27"]

1. c4 Nf6 2. g3 g6 3. Bg2 Bg7 4. Nc3 O-O 5. e4 d6 6. Nge2 c5 7. O-O Nc6 8. d3
a6 9. h3 Rb8 10. f4 Bd7 11. Be3 b5 12. Qd2 Ne8 13. Rac1 Nd4 14. b3 e6 15. g4 f5
16. gxf5 b4 17. Nd1 gxf5 18. Nf2 Bc6 19. Bxd4 cxd4 20. c5 fxe4 21. dxe4 Bb5 22.
Nd3 a5 23. Rfd1 Rc8 24. cxd6 Nxd6 25. Rxc8 Qxc8 26. Rc1 Qe8 27. Kh1 Bxd3 28.
Qxd3 Qb5 29. Rd1 Qxd3 30. Rxd3 Nb5 31. e5 Rc8 32. Be4 Nc3 33. Bf3 Nxe2 34. Bxe2
Rc2 35. Bg4 Kf7 36. Rxd4 Bh6 37. f5 exf5 38. Bxf5 Rxa2 39. Rd7+ Ke8 40. Rxh7
Bf8 41. Rb7 Be7 42. Bd3 Rd2 43. Bc4 Rc2 44. Rc7 Rd2 45. Ra7 Bd8 46. e6 Rf2 47.
Kg1 Rf4 48. Bb5+ Kf8 49. Kg2 Be7 50. Kg3 Re4 51. Bc4 Rd4 52. Rxa5 Bd6+ 53. Kf3
Rh4 54. Rf5+ Ke8 55. Kg2 Be7 56. Rb5 Rd4 57. Rf5 Kd8 58. Rb5 Ke8 59. Rb7 Kf8
60. Rd7 Rf4 61. Kg3 Re4 62. Rb7 Rd4 63. Rb5 Bd6+ 64. Kf3 Be7 65. Rh5 Rh4 66.
Rf5+ Ke8 67. Bb5+ Kd8 68. Rd5+ Kc8 69. Rd7 Rxh3+ 70. Kg4 Rh7 71. Ba6+ Kb8 72.
Kf5 Rg7 73. Rxe7 Rxe7 74. Kf6 Ra7 75. Bb5 Rb7 76. e7 1-0

[Event "Young Boys 2005"]
[Site "São José do Rio Preto BRA"]
[Date "2005.02.23"]
[Round "7.5"]
[White "Fier, Alexandr"]
[Black "Coelho, Luis"]
[Result "1/2-1/2"]
[WhiteElo "2489"]
[BlackElo "2381"]
[PlyCount "207"]
[EventDate "2005.02.20"]
[EventType "tourn"]
[EventRounds "9"]
[EventCountry "BRA"]
[EventCategory "5"]
[Source "lmi"]
[SourceDate "2005.02.27"]

1. e4 c5 2. Nf3 d6 3. d4 cxd4 4. Nxd4 Nf6 5. Nc3 Nc6 6. Bg5 Bd7 7. Qd2 Rc8 8.
O-O-O Nxd4 9. Qxd4 Qa5 10. Bxf6 gxf6 11. Kb1 Qc5 12. Qxc5 Rxc5 13. Rd5 Rxd5 14.
Nxd5 f5 15. exf5 Bxf5 16. Bb5+ Kd8 17. Re1 a6 18. Ba4 e6 19. Ne3 Bg6 20. f4 Be4
21. Bb3 Kc7 22. Kc1 Bg7 23. c3 h5 24. Bc2 Bc6 25. Kd2 h4 26. Rf1 b5 27. a3 a5
28. Bd3 Rb8 29. f5 Be5 30. fxe6 fxe6 31. Rf7+ Kb6 32. Rh7 Rh8 33. Rxh8 Bxh8 34.
g3 hxg3 35. hxg3 d5 36. Nc2 Be5 37. g4 Bf4+ 38. Ke2 e5 39. Bf5 Kc5 40. Ne3 b4
41. axb4+ axb4 42. cxb4+ Kxb4 43. Be6 Kc5 44. b4+ Kd6 45. Bc8 Bb5+ 46. Kf3 Bc6
47. Nf5+ Kc7 48. Ba6 d4+ 49. Ke2 Kb6 50. Bc4 Bg5 51. Kd3 Bf6 52. g5 e4+ 53. Ke2
d3+ 54. Bxd3 exd3+ 55. Kxd3 Bxg5 56. Kc4 Bg2 57. Nd6 Bf1+ 58. Kd5 Be7 59. Nf5
Bxb4 60. Ne3 Ba6 61. Nc4+ Kc7 62. Ne5 Bb7+ 63. Ke6 Bc3 64. Nf7 Ba6 65. Ne5 Bb5
66. Kd5 Ba4 67. Nf3 Bc6+ 68. Kc4 Bf6 69. Nd4 Be4 70. Kc5 Be7+ 71. Kc4 Kd6 72.
Ne2 Bd5+ 73. Kd4 Bf6+ 74. Kd3 Ke5 75. Nc3 Bg2 76. Kc4 Bf1+ 77. Kc5 Be7+ 78. Kc6
Bg2+ 79. Kb6 Kd4 80. Ne2+ Kc4 81. Kc7 Kc5 82. Kd7 Bd6 83. Ke6 Bh3+ 84. Kf6 Bf1
85. Ng1 Bg2 86. Ne2 Kd5 87. Kf5 Bh3+ 88. Kg5 Bf1 89. Nf4+ Ke4 90. Ng6 Bh3 91.
Kh4 Bf5 92. Kg5 Bc7 93. Kf6 Bd8+ 94. Kf7 Bg5 95. Ne7 Bd7 96. Ng6 Kf5 97. Ne7+
Ke5 98. Ng6+ Kd6 99. Nf8 Bf5 100. Ng6 Bg4 101. Nf8 Bh5+ 102. Kg7 Be3 103. Kf6
Bd4+ 104. Kg5 1/2-1/2

[Event "Young Boys 2005"]
[Site "São José do Rio Preto BRA"]
[Date "2005.02.24"]
[Round "8.1"]
[White "Giaccio, Alfredo"]
[Black "Coelho, Luis"]
[Result "1/2-1/2"]
[WhiteElo "2467"]
[BlackElo "2381"]
[PlyCount "54"]
[EventDate "2005.02.20"]
[EventType "tourn"]
[EventRounds "9"]
[EventCountry "BRA"]
[EventCategory "5"]
[Source "lmi"]
[SourceDate "2005.02.27"]

1. e4 c5 2. Nf3 d6 3. Nc3 Nc6 4. d4 cxd4 5. Nxd4 Nf6 6. Bc4 Qb6 7. Nde2 e6 8.
Bb3 Bd7 9. O-O Be7 10. Kh1 O-O 11. Ng3 Na5 12. f4 Qc7 13. Qe2 Bc6 14. f5 Nxb3
15. axb3 b5 16. fxe6 fxe6 17. Bf4 Qb7 18. b4 a5 19. bxa5 b4 20. a6 Qb8 21. Qc4
bxc3 22. Qxc6 cxb2 23. Rab1 Rc8 24. Qb7 Ra7 25. Qxb2 Qxb2 26. Rxb2 Rxa6 27. Rb7
Bf8 1/2-1/2

[Event "Young Boys 2005"]
[Site "São José do Rio Preto BRA"]
[Date "2005.02.24"]
[Round "8.2"]
[White "Crosa, Martin"]
[Black "Fier, Alexandr"]
[Result "1-0"]
[WhiteElo "2401"]
[BlackElo "2489"]
[PlyCount "31"]
[EventDate "2005.02.20"]
[EventType "tourn"]
[EventRounds "9"]
[EventCountry "BRA"]
[EventCategory "5"]
[Source "lmi"]
[SourceDate "2005.02.27"]

1. e4 c5 2. Nf3 Nc6 3. Bb5 g6 4. O-O Bg7 5. Re1 e5 6. c3 Nge7 7. d4 cxd4 8.
cxd4 exd4 9. Bf4 a6 10. Bc4 Qb6 11. Nbd2 O-O 12. Bd6 Qd8 13. Nb3 b5 14. Bd5 Re8
15. Nc5 Ra7 16. Bxf7+ 1-0

[Event "Young Boys 2005"]
[Site "São José do Rio Preto BRA"]
[Date "2005.02.24"]
[Round "8.3"]
[White "Marra, Eduardo"]
[Black "Bachmann Schiavo, Axel"]
[Result "0-1"]
[WhiteElo "2261"]
[BlackElo "2314"]
[PlyCount "114"]
[EventDate "2005.02.20"]
[EventType "tourn"]
[EventRounds "9"]
[EventCountry "BRA"]
[EventCategory "5"]
[Source "lmi"]
[SourceDate "2005.02.27"]

1. e4 d6 2. d4 Nf6 3. Nc3 g6 4. Nf3 Bg7 5. Be3 c6 6. Qd2 Qc7 7. Bh6 Bxh6 8.
Qxh6 Qa5 9. O-O-O Bg4 10. e5 Bxf3 11. Re1 dxe5 12. Rxe5 Nd5 13. Qg7 Rf8 14.
gxf3 Nd7 15. Rg5 Qb4 16. a3 Qd6 17. Nxd5 cxd5 18. Kb1 Qf4 19. Rhg1 O-O-O 20.
Bb5 Nf6 21. Re5 Nh5 22. Rxh5 gxh5 23. Qxh7 Qxf3 24. Rg3 Qxf2 25. Qxh5 Qxd4 26.
Rd3 Qg1+ 27. Ka2 Qg6 28. Qf3 Qe6 29. Ba4 Qe4 30. Rc3+ Kb8 31. Qg3+ Ka8 32. Bb5
d4 33. Rc7 Rc8 34. Bd3 Qe3 35. Rxc8+ Rxc8 36. Qg7 Qf4 37. h3 e5 38. Qh7 Rf8 39.
Be4 Qf6 40. Qh5 Qe6+ 41. b3 f5 42. Qf3 Kb8 43. h4 Qd6 44. Bxb7 e4 45. Bxe4 fxe4
46. Qxe4 Qc5 47. h5 Rc8 48. Kb1 Rc6 49. Qe8+ Kb7 50. Qe2 Kb6 51. a4 a6 52. Qh2
Rc7 53. h6 d3 54. c4 Rd7 55. h7 d2 56. h8=Q d1=Q+ 57. Ka2 Rd2+ 0-1

[Event "Young Boys 2005"]
[Site "São José do Rio Preto BRA"]
[Date "2005.02.24"]
[Round "8.4"]
[White "Oliveira, Silvio"]
[Black "Di Berardino, Diego Rafael"]
[Result "0-1"]
[WhiteElo "2242"]
[BlackElo "2358"]
[PlyCount "94"]
[EventDate "2005.02.20"]
[EventType "tourn"]
[EventRounds "9"]
[EventCountry "BRA"]
[EventCategory "5"]
[Source "lmi"]
[SourceDate "2005.02.27"]

1. e4 c5 2. Nf3 e6 3. d4 cxd4 4. Nxd4 Nf6 5. Nc3 Nc6 6. Ndb5 Bb4 7. a3 Bxc3+ 8.
Nxc3 d5 9. exd5 Nxd5 10. Nxd5 exd5 11. Bd3 Qe7+ 12. Qe2 Qxe2+ 13. Kxe2 Nd4+ 14.
Kd2 O-O 15. Re1 Bd7 16. b3 Bc6 17. Bb2 Ne6 18. f3 Rad8 19. Re5 d4 20. Rae1 Nf4
21. g3 Ng2 22. Rf1 Ne3 23. Rf2 Rd7 24. Rh5 g6 25. Rh4 Rfd8 26. Rxd4 Rxd4 27.
Bxd4 Nxc2 28. Kxc2 Rxd4 29. Kc3 Rd8 30. f4 Rd6 31. b4 Kg7 32. Bc4 Rd1 33. Rd2
Rc1+ 34. Kd4 Kf6 35. b5 Bd7 36. Rd3 b6 37. Rc3 Rb1 38. a4 Rb4 39. h4 Rxa4 40.
Ke3 Rb4 41. Ba2 Rxb5 42. Rc7 Be8 43. Rxa7 Ra5 44. Rxa5 bxa5 45. g4 Bd7 46. g5+
Ke7 47. Kd4 Be6 0-1

[Event "Young Boys 2005"]
[Site "São José do Rio Preto BRA"]
[Date "2005.02.25"]
[Round "9.1"]
[White "El Debs, Felipe"]
[Black "Giaccio, Alfredo"]
[Result "1/2-1/2"]
[WhiteElo "2351"]
[BlackElo "2467"]
[PlyCount "28"]
[EventDate "2005.02.20"]
[EventType "tourn"]
[EventRounds "9"]
[EventCountry "BRA"]
[EventCategory "5"]
[Source "lmi"]
[SourceDate "2005.02.27"]

1. d4 d5 2. Nf3 Nf6 3. e3 Bf5 4. c4 c6 5. Nc3 e6 6. Bd3 Bxd3 7. Qxd3 Nbd7 8.
O-O Bd6 9. e4 dxc4 10. Qxc4 e5 11. Re1 O-O 12. dxe5 Nxe5 13. Nxe5 Bxe5 14. f4
Qd4+ 1/2-1/2

[Event "Young Boys 2005"]
[Site "São José do Rio Preto BRA"]
[Date "2005.02.25"]
[Round "9.3"]
[White "Bachmann Schiavo, Axel"]
[Black "Oliveira, Silvio"]
[Result "1-0"]
[WhiteElo "2314"]
[BlackElo "2242"]
[PlyCount "41"]
[EventDate "2005.02.20"]
[EventType "tourn"]
[EventRounds "9"]
[EventCountry "BRA"]
[EventCategory "5"]
[Source "lmi"]
[SourceDate "2005.02.27"]

1. c4 e5 2. g3 Nf6 3. Bg2 d5 4. cxd5 Nxd5 5. Nc3 Be6 6. Nf3 Nc6 7. O-O Be7 8.
d3 O-O 9. Bd2 Nb6 10. Rc1 f5 11. b4 Bxb4 12. Ng5 Bxc3 13. Nxe6 Qe7 14. Nxf8
Bxd2 15. Qxd2 Rxf8 16. Bxc6 bxc6 17. Rxc6 f4 18. Qc3 Nd5 19. Qc4 Qf7 20. Rc5 c6
21. Rxc6 1-0

[Event "Young Boys 2005"]
[Site "São José do Rio Preto BRA"]
[Date "2005.02.25"]
[Round "9.4"]
[White "Fier, Alexandr"]
[Black "Marra, Eduardo"]
[Result "1/2-1/2"]
[WhiteElo "2489"]
[BlackElo "2261"]
[PlyCount "138"]
[EventDate "2005.02.20"]
[EventType "tourn"]
[EventRounds "9"]
[EventCountry "BRA"]
[EventCategory "5"]
[Source "lmi"]
[SourceDate "2005.02.27"]

1. e4 c5 2. Nf3 d6 3. d4 cxd4 4. Nxd4 Nf6 5. Nc3 g6 6. Be3 Bg7 7. f3 Nc6 8. Bc4
Qb6 9. Nf5 Qxb2 10. Nxg7+ Kf8 11. Nd5 Kxg7 12. O-O Nxd5 13. exd5 Qc3 14. Qe2
Nd4 15. Qd3 Qxd3 16. Bxd3 Nf5 17. Bf2 e5 18. dxe6 fxe6 19. Bxf5 gxf5 20. Rad1
Rd8 21. Bc5 d5 22. Bd4+ Kf7 23. Kf2 Bd7 24. g4 Rac8 25. c3 Ba4 26. Rb1 b6 27.
Ke3 Ke7 28. gxf5 exf5 29. Kf4 Bd7 30. Rg1 Rg8 31. Rg3 Rxg3 32. hxg3 Be8 33.
Re1+ Kd6 34. Kxf5 Bg6+ 35. Kg5 Rf8 36. Bf6 Re8 37. Rxe8 Bxe8 38. Bd4 Ke6 39. g4
Bg6 40. f4 Be4 41. f5+ Kf7 42. Kf4 Ke7 43. Ke5 Bf3 44. Kf4 Be2 45. a3 Kd6 46.
g5 Bd3 47. Kg4 Be2+ 48. Kf4 Bd3 49. Bg7 b5 50. Bf8+ Kd7 51. Ke5 Be4 52. Kf6 a5
53. Bc5 Kc6 54. Be7 d4 55. cxd4 Kd5 56. Bc5 b4 57. Bxb4 axb4 58. axb4 Bd3 59.
b5 Bxb5 60. Kg7 Kxd4 61. f6 Be8 62. Kxh7 Ke5 63. g6 Kxf6 64. g7 Bg6+ 65. Kh8
Bf7 66. g8=B Bg6 67. Bf7 Bh7 68. Bg6 Bg8 69. Bf7 Bxf7 1/2-1/2

[Event "Young Boys 2005"]
[Site "São José do Rio Preto BRA"]
[Date "2005.02.25"]
[Round "9.5"]
[White "Coelho, Luis"]
[Black "Crosa, Martin"]
[Result "1/2-1/2"]
[WhiteElo "2381"]
[BlackElo "2401"]
[PlyCount "101"]
[EventDate "2005.02.20"]
[EventType "tourn"]
[EventRounds "9"]
[EventCountry "BRA"]
[EventCategory "5"]
[Source "lmi"]
[SourceDate "2005.02.27"]

1. e4 c5 2. Nf3 Nc6 3. Nc3 g6 4. d4 cxd4 5. Nxd4 Bg7 6. Be3 Nf6 7. Bc4 O-O 8.
Bb3 a5 9. O-O a4 10. Nxa4 Nxe4 11. Nb5 d6 12. Qe2 Nf6 13. c4 Ra6 14. Rad1 Bd7
15. Rfe1 Qb8 16. Nb6 Be6 17. Nd5 Rc8 18. a3 Bxd5 19. cxd5 Ne5 20. Rc1 Rxc1 21.
Rxc1 Ne8 22. Ba7 Qd8 23. Be3 Ra8 24. Qc2 Ng4 25. Bd4 Bxd4 26. Nxd4 Qb6 27. Qc4
Ne5 28. Qc3 Nf6 29. h3 Ra5 30. Qb4 Qa6 31. Rc8+ Kg7 32. Qc3 Nxd5 33. Qg3 Qd3
34. Qxd3 Nxd3 35. Rb8 Nxb2 36. Rxb7 Nd3 37. Nc6 Rc5 38. Bxd5 Rxd5 39. Rxe7 Rc5
40. Nd8 Rf5 41. Re2 Ra5 42. Nb7 Rd5 43. a4 Nb4 44. Rb2 Rd1+ 45. Kh2 Nd3 46. Ra2
Nb4 47. Rb2 Nd3 48. Re2 Ra1 49. a5 f5 50. Nxd6 Rxa5 51. Nc4 1/2-1/2